00246nam a2200109 4500020001500000082001400015100001800029245003600047250001100083260003400094300000800128 a0700014578 a543.1 PEA aDavid Pearson aThe Chemical Analysis of Foods a6th ed aLondonbJ.&.A.Churchillc1970 a600